Drapeaux avec deux couleurs - Mort subite - Statistiques

Statistiques générales
  • Ce quiz a été pris 36 862 fois
  • Le résultat moyen est 15 sur 26
Answers on the Grid
Answers color-coded by a green-red scale on the quiz's grid according to % correct below.
Albanie
Arabie Saoudite
Argentine
Autriche
Bahreïn
Bangladesh
Botswana
Canada
Chine
Danemark
Finlande
Géorgie
Grèce
Inde
Indonésie
Israël
Japon
Laos
Maroc
Monaco
Nigeria
Norvège
Pakistan
Pologne
Saint-Marin
Salvador
Singapour
Sri Lanka
Suède
Suisse
Trinité-et-Tobago
Tunisie
Turquie
Ukraine
Vatican
Viêt Nam
 
Statistiques - réponses
Réponse % Correct
Albanie
77%
Chine
75%
Japon
74%
Grèce
73%
Canada
72%
Autriche
69%
Arabie Saoudite
66%
Danemark
63%
Israël
63%
Monaco
61%
Bangladesh
60%
Finlande
59%
Pologne
58%
Maroc
56%
Suisse
56%
Ukraine
56%
Suède
55%
Turquie
55%
Géorgie
51%
Tunisie
50%
Indonésie
48%
Nigeria
48%
Bahreïn
44%
Viêt Nam
39%
Singapour
36%
Pakistan
33%
Aucun quiz correspondant
Distribution des résultats
% des personnes avec chaque résultat
Percentile par nombre de réponses
Votre historique - résultats
Vous n’avez pas pris ce quiz